000 01977cam a22005294i 4500
003 PE-LiUPU
005 20250731180056.0
008 150708s2015 sp ado 000 0 spadd
020 _a8494345141
020 _a9788494345142
035 _a(Sirsi) i9788494345142
040 _aSPSFM
_bspa
_cSPSFM
_dPE-LiUPU
_erda
049 _aPRUA
080 _a504
082 _a551.5
_bM14
_220
100 1 _aMadrid, Antonio,
_eautor.
245 1 3 _aEl cambio climático explicado para los que no creen en el cambio climático :
_b(acabar con el cambio climático será difícil pero ignorarlo será peor) /
_cAntonio Madrid.
264 _aMadrid :
_bMadrid Vicente,
_c2015.
300 _a157 páginas :
_bilustraciones ;
_c21 centímetros.
336 _text
_2rdacontent
337 _unmediated
_2rdamedia
338 _volume
_2rdacarrier
505 _aEl cambio climático: causas, consecuencias y soluciones -- La lluvia ácida, el efecto invernadero, la capa de ozono, el ciclo del carbono y la huella ecológica -- El efecto positivo de las energías renovables sobre el cambio climático.
526 _aSEG44
526 _aSEG26
526 _aP159
526 _aP155
526 _aP154
526 _aP153
526 _aP150
526 _aP100
526 _aP31
526 _aP30
526 _aP26
526 _aP25
526 _aP24
526 _aP22
526 _aP15
526 _aP10
541 _g0020-0000647;
650 4 _aCambios climáticos.
942 _2ddc
_cBOOK
949 _a551.5 M14
_wDEWEY
_c1
_i74010
_lCCODEBUL1
_mBUL
_p86.84
_r0
_sY
_tBOOK
_u2016-7-8
_xINGENIERIA
_PP24
_0COMPRA
_o.STAFF. Colección General
994 _aC0
_bPEPRU
596 _a1
999 _a551.5 M14
_wDEWEY
_c10499
_i74010
_d10499
_f2021-11-9
_g7
_lCCODEBUL1
_mBUL
_p86.84
_q1
_r0
_sY
_tBOOK
_u2016-7-8
_xINGENIERIA
_PP24
_0COMPRA
_o.STAFF. Colección General
980 _81
_gALBERTO SANCHEZ Responsable de Automatización